Statistics for Countries With Hope

Click here to take the quiz!

General Stats

  • This quiz has been taken 8 times
  • The average score is 5 of 8

Answer Stats

#Country% Correct
10Canada
100%
5United Kingdom
100%
33United States
100%
4New Zealand
88%
8Australia
75%
1India
50%
1Denmark
13%
2Jamaica
13%

Score Distribution

Percentile by Number Answered

Percent of People with Each Score

Your Score History

You have not taken this quiz